Final Cut Pro X : (Record no. 1577)

000 -LEADER
fixed length control field 01362cam a22003857a 4500
001 - CONTROL NUMBER
control field 17333060
003 - CONTROL NUMBER IDENTIFIER
control field OSt
005 - DATE AND TIME OF LATEST TRANSACTION
control field 20150323163915.0
008 - FIXED-LENGTH DATA ELEMENTS--GENERAL INFORMATION
fixed length control field 120605s2012 caua 001 0 eng d
010 ## - LIBRARY OF CONGRESS CONTROL NUMBER
LC control number 2012392304
016 7# - NATIONAL BIBLIOGRAPHIC AGENCY CONTROL NUMBER
Record control number 015969203
Source Uk
020 ## - INTERNATIONAL STANDARD BOOK NUMBER
International Standard Book Number 9780321810229
020 ## - INTERNATIONAL STANDARD BOOK NUMBER
International Standard Book Number 0321810228
035 ## - SYSTEM CONTROL NUMBER
System control number (OCoLC)ocn733249349
040 ## - CATALOGING SOURCE
Original cataloging agency BTCTA
Language of cataloging eng
Transcribing agency BTCTA
Modifying agency YDXCP
-- UKMGB
-- BDX
-- GL5
-- DLC
042 ## - AUTHENTICATION CODE
Authentication code lccopycat
050 00 - LIBRARY OF CONGRESS CALL NUMBER
Classification number TR899.W646 2012
100 1# - MAIN ENTRY--PERSONAL NAME
Personal name Wohl, Michael.
245 10 - TITLE STATEMENT
Title Final Cut Pro X :
Remainder of title advanced editing /
Statement of responsibility, etc Michael Wohl, Alexis Van Hurkman, Mark Spencer.
260 ## - PUBLICATION, DISTRIBUTION, ETC. (IMPRINT)
Place of publication, distribution, etc Berkeley, CA :
Name of publisher, distributor, etc Peachpit Press,
Date of publication, distribution, etc c2012.
300 ## - PHYSICAL DESCRIPTION
Extent xii, 496 p. :
Other physical details col. ill. ;
Dimensions 23 cm. +
Accompanying material 2 DVD-ROMs (4 1/2 in.)
490 1# - SERIES STATEMENT
Series statement Apple Pro training series
500 ## - GENERAL NOTE
General note "Apple certified, level two certification"--Cover.
500 ## - GENERAL NOTE
General note "DVD-ROM with media and lesson files included"--Cover.
500 ## - GENERAL NOTE
General note Includes index.
630 00 - SUBJECT ADDED ENTRY--UNIFORM TITLE
Uniform title Final cut (Electronic resource)
650 #0 - SUBJECT ADDED ENTRY--TOPICAL TERM
Topical term or geographic name as entry element Video tapes
General subdivision Editing
-- Data processing.
650 #0 - SUBJECT ADDED ENTRY--TOPICAL TERM
Topical term or geographic name as entry element Digital video
General subdivision Editing
-- Data processing.
700 1# - ADDED ENTRY--PERSONAL NAME
Personal name Van Hurkman, Alexis.
700 1# - ADDED ENTRY--PERSONAL NAME
Personal name Spencer, Mark,
Dates associated with a name 1961-
830 #0 - SERIES ADDED ENTRY--UNIFORM TITLE
Uniform title Apple Pro training series.
906 ## - LOCAL DATA ELEMENT F, LDF (RLIN)
a 7
b cbc
c copycat
d 2
e ncip
f 20
g y-gencatlg
942 ## - ADDED ENTRY ELEMENTS (KOHA)
Source of classification or shelving scheme
Koha item type Book
Holdings
Withdrawn status Lost status Source of classification or shelving scheme Damaged status Not for loan Home library Current library Shelving location Date acquired Total Checkouts Full call number Barcode Date last seen Copy number Price effective from Koha item type
          Riara University Library Riara University Library General stack 23/03/2015   TR899.W646 2012 5406/15 30/01/2019 C.1 23/03/2015 Book
          Riara University Library Riara University Library General stack 23/03/2015   TR899.W646 2012 5407/15 23/03/2015 C.2 23/03/2015 Book
          Riara University Library Riara University Library General stack 23/03/2015   TR899.W646 2012 5408/15 23/03/2015 C.3 23/03/2015 Book

Riara University Library,
P.O. Box 49940-00100,
Nairobi, Kenya.